[Event "Gyermek csapatbajnokság"]
[Site "Budapest"]
[Date "2015.08.26"]
[Round "1.1"]
[White "Csiki, Endre"]
[Black "Horvath-Borsiczky, Daniel"]
[Result "1-0"]
[WhiteElo "1788"]
[BlackElo "1300"]
[PlyCount "33"]
[EventDate "2015.??.??"]

1. e4 e5 2. Bc4 Nf6 3. d3 g6 4. Nf3 Bg7 5. Nxe5 d6 6. Nxf7 Qe7 7. Nxh8 Bxh8 8.
O-O Qd7 9. Nc3 c6 10. Re1 b5 11. Bb3 Kd8 12. a3 c5 13. Bg5 Kc7 14. Bxf6 Bxf6
15. Nd5+ Kc6 16. Nxf6 Qg7 17. Bd5+ 1-0

[Event "Gyermek csapatbajnokság"]
[Site "Budapest"]
[Date "2015.08.26"]
[Round "1.2"]
[White "Dan, Anna"]
[Black "Lukacs, Anna"]
[Result "0-1"]
[WhiteElo "1166"]
[BlackElo "1413"]
[PlyCount "114"]
[EventDate "2015.??.??"]

1. Nf3 d5 2. g3 Nf6 3. Bg2 c6 4. O-O Bg4 5. d3 e6 6. Nbd2 Bd6 7. a4 Nbd7 8. a5
e5 9. e4 Nc5 10. exd5 cxd5 11. Qe1 e4 12. h3 Bxf3 13. Bxf3 Qe7 14. dxe4 dxe4
15. Bg2 O-O 16. b4 Ne6 17. b5 Nc5 18. Ba3 Rfe8 19. c4 Nd3 20. Bxd6 Qxd6 21. Qe3
Rad8 22. Nxe4 Nxe4 23. Bxe4 Nc5 24. Bxh7+ Kxh7 25. Qg5 Ne4 26. Qf5+ Qg6 27.
Qxg6+ Kxg6 28. Rfe1 Nd2 29. Rxe8 Rxe8 30. a6 b6 31. Rc1 Rc8 32. Rd1 Nxc4 33.
Rd7 Ra8 34. Kf1 Na3 35. Rd5 Kf6 36. Ke2 Re8+ 37. Kd1 Re5 38. Rxe5 Kxe5 39. f4+
Kf6 40. Kd2 Nxb5 41. Kd3 Nc7 42. g4 Nxa6 43. Ke4 Nc5+ 44. Kd5 Ne6 45. Ke4 a5
46. h4 a4 47. f5 Ng5+ 48. Kf4 Nh3+ 49. Ke4 a3 50. g5+ Nxg5+ 51. Kf4 Nh3+ 52.
Kg4 a2 53. h5 a1=Q 54. h6 gxh6 55. Kg3 Qf1 56. Kh4 Qg2 57. Kh5 Qg5# 0-1

[Event "Gyermek csapatbajnokság"]
[Site "Budapest"]
[Date "2015.08.26"]
[Round "1.3"]
[White "Barsi, Botond"]
[Black "Kanai, Bende Pal"]
[Result "1-0"]
[WhiteElo "1369"]
[BlackElo "1105"]
[PlyCount "79"]
[EventDate "2015.??.??"]

1. d4 d5 2. Bf4 Nf6 3. e3 e6 4. Nf3 Nc6 5. c3 Bd6 6. Ne5 O-O 7. h3 Ne7 8. Nd2
Bd7 9. Ndf3 a6 10. Bd3 c5 11. Nxf7 Rxf7 12. Bxd6 c4 13. Bc2 Qb6 14. Bxe7 Rxe7
15. Rb1 Be8 16. Qd2 Bc6 17. O-O Nd7 18. Rfe1 e5 19. b3 cxb3 20. axb3 e4 21. Nh2
Qa5 22. Red1 b5 23. Ra1 Qb6 24. Rdb1 Rf8 25. c4 b4 26. c5 Qb7 27. Bd1 Ref7 28.
f4 g6 29. Be2 Bb5 30. Rf1 Bxe2 31. Qxe2 Qb5 32. Qxb5 axb5 33. Ng4 Kg7 34. Ne5
Nxe5 35. fxe5 Rxf1+ 36. Rxf1 Rxf1+ 37. Kxf1 Kf7 38. Kf2 h6 39. h4 h5 40. Kg3
1-0

[Event "Gyermek csapatbajnokság"]
[Site "Budapest"]
[Date "2015.08.26"]
[Round "1.4"]
[White "Nagy, Sebestyen"]
[Black "Vicze, Zsofia"]
[Result "0-1"]
[WhiteElo "1125"]
[BlackElo "1279"]
[PlyCount "98"]
[EventDate "2015.??.??"]

1. e4 c5 2. Nf3 Nc6 3. d4 cxd4 4. Nxd4 Nf6 5. Nc3 d6 6. Bg5 e5 7. Nb3 Be7 8.
Bb5 O-O 9. O-O a6 10. Bxc6 bxc6 11. h3 Be6 12. Nd2 d5 13. Bxf6 Bxf6 14. exd5
cxd5 15. Nf3 Rb8 16. b3 e4 17. Nd4 Qd6 18. Nxe6 fxe6 19. Qd2 Qb4 20. Nxe4 Bxa1
21. Qxb4 Rxb4 22. Ng5 Bf6 23. Nxe6 Re8 24. Nc7 Rc8 25. Nxd5 Rd4 26. Nxf6+ gxf6
27. c4 Rd2 28. a4 Rb2 29. Rc1 Rxb3 30. c5 Rb7 31. c6 Rbc7 32. g4 Rxc6 33. Rxc6
Rxc6 34. Kg2 Rc4 35. Kg3 Rxa4 36. f4 a5 37. g5 f5 38. h4 Rd4 39. h5 a4 40. g6
hxg6 41. hxg6 a3 42. Kh4 Rxf4+ 43. Kg5 Rf1 44. Kh6 a2 45. g7 Rg1 46. Kh5 a1=Q
47. Kh4 Qd4+ 48. Kh3 Qg4+ 49. Kh2 Qg3# 0-1

[Event "Gyermek csapatbajnokság"]
[Site "Budapest"]
[Date "2015.08.26"]
[Round "1.5"]
[White "Pater, Peter"]
[Black "Pirity, Mate Robert"]
[Result "1-0"]
[WhiteElo "1314"]
[BlackElo "1107"]
[PlyCount "59"]
[EventDate "2015.??.??"]

1. d4 e6 2. Nf3 d5 3. Bf4 c5 4. e3 Qb6 5. b3 Nc6 6. c4 Nf6 7. Nc3 Qa5 8. Qd2 h6
9. Nb5 Qxd2+ 10. Kxd2 Ne4+ 11. Ke1 g5 12. Nc7+ Kd8 13. Nxa8 gxf4 14. Bd3 f5 15.
Bxe4 fxe4 16. Ne5 Nxe5 17. dxe5 fxe3 18. fxe3 Bg7 19. Rd1 Bd7 20. cxd5 Kc8 21.
dxe6 Bxe6 22. Rd6 Bf7 23. Rd2 Bxe5 24. Rf1 Bh5 25. Rf5 Bxh2 26. Rxh5 Bg3+ 27.
Ke2 Kb8 28. Rhd5 Bh4 29. Rxc5 Rh7 30. Rdc2 1-0

[Event "Gyermek csapatbajnokság"]
[Site "Budapest"]
[Date "2015.08.26"]
[Round "1.7"]
[White "Koller, Jozsef Denes"]
[Black "Tapodi, Norman Lajos"]
[Result "0-1"]
[WhiteElo "1097"]
[BlackElo "1536"]
[PlyCount "116"]
[EventDate "2015.??.??"]

1. e4 e5 2. Nf3 Nc6 3. c3 d6 4. d4 exd4 5. cxd4 Bg4 6. d5 Bxf3 7. Qxf3 Ne5 8.
Qb3 b6 9. Bb5+ Nd7 10. O-O Ngf6 11. Nc3 Be7 12. Bf4 O-O 13. Rfe1 Nc5 14. Qc2 a6
15. Bd3 Nxd3 16. Qxd3 b5 17. b4 Nd7 18. e5 dxe5 19. Bxe5 Nxe5 20. Rxe5 Bd6 21.
Ree1 Qd7 22. Ne4 Rad8 23. Nxd6 Qxd6 24. Rec1 Qxd5 25. Qxd5 Rxd5 26. Rxc7 Rfd8
27. Rcc1 g6 28. g3 Rd2 29. Rcb1 Rc2 30. a4 Rdd2 31. axb5 axb5 32. Rf1 Rb2 33.
Rab1 Kg7 34. h4 Kf6 35. Kg2 Ke5 36. Rfe1+ Kd6 37. Red1 Ke5 38. Re1+ Kd6 39.
Red1 f5 40. Kf3 Ke5 41. Re1+ Kd4 42. Red1 Kc3 43. Rxb2 Rxd1 44. Re2 Rd7 45. Re1
Kxb4 46. Rb1+ Kc5 47. Rc1+ Kb6 48. Ke3 b4 49. f3 Kb5 50. g4 fxg4 51. fxg4 b3
52. Rf1 Kb4 53. Rf4+ Ka3 54. Ke4 b2 55. Rf3+ Ka2 56. Rf2 Ka1 57. Rf1+ b1=Q+ 58.
Rxb1+ Kxb1 0-1

[Event "Gyermek csapatbajnokság"]
[Site "Budapest"]
[Date "2015.08.26"]
[Round "1.8"]
[White "Bodicsi, Barna"]
[Black "Fulop, Peter Benjamin"]
[Result "1-0"]
[WhiteElo "1677"]
[BlackElo "1176"]
[PlyCount "59"]
[EventDate "2015.??.??"]

1. d4 Nf6 2. Nc3 d5 3. Nf3 Bf5 4. Bf4 e6 5. e3 c5 6. Bb5+ Nbd7 7. Bg5 Be7 8.
Bxf6 Bxf6 9. O-O a6 10. Bd3 Bg6 11. dxc5 Nxc5 12. Qd2 Nxd3 13. cxd3 Rc8 14.
Rac1 O-O 15. d4 Qc7 16. Na4 Qd8 17. Nc5 Qb6 18. Nd7 Qd6 19. Nxf8 Qxf8 20. Rxc8
Qxc8 21. Rc1 Qd7 22. Qc3 h6 23. Qc8+ Qxc8 24. Rxc8+ Kh7 25. Rc7 Bb1 26. a3 Kg6
27. Rxb7 Bd3 28. b4 Bb5 29. Ra7 Bd8 30. Ne5+ 1-0

[Event "Gyermek csapatbajnokság"]
[Site "Budapest"]
[Date "2015.08.26"]
[Round "1.11"]
[White "Karacsonyi, Luca"]
[Black "Fulop, Csilla"]
[Result "0-1"]
[WhiteElo "1115"]
[BlackElo "1342"]
[PlyCount "70"]
[EventDate "2015.??.??"]

1. e4 c5 2. c3 d5 3. exd5 Qxd5 4. d4 cxd4 5. cxd4 Nc6 6. Nf3 Nf6 7. Nc3 Qd8 8.
Bb5 Bd7 9. O-O a6 10. Bc4 b5 11. Bb3 Bg4 12. Bf4 g6 13. d5 Bxf3 14. Qxf3 Nd4
15. Qd3 Nxb3 16. axb3 Bg7 17. Rfe1 O-O 18. Qe3 Nxd5 19. Qg3 Nxf4 20. Qxf4 e6
21. Rad1 Qf6 22. Qg3 Rfd8 23. Rc1 Bh6 24. Ne4 Qf4 25. Qc3 Bg7 26. Qc2 Qe5 27.
Nc3 Qf4 28. Re4 Qg5 29. Re3 Bh6 30. Ne4 Qe7 31. Ree1 Bxc1 32. Rxc1 Qb7 33. Nc5
Qc8 34. b4 Rd4 35. Nb3 Qxc2 0-1

[Event "Gyermek csapatbajnokság"]
[Site "Budapest"]
[Date "2015.08.27"]
[Round "2.1"]
[White "Kovacs, Patrik Zsolt"]
[Black "Csiki, Endre"]
[Result "0-1"]
[WhiteElo "1543"]
[BlackElo "1788"]
[PlyCount "112"]
[EventDate "2015.??.??"]

1. d4 Nf6 2. Nf3 e6 3. c4 b6 4. Bg5 Be7 5. Nc3 Bb7 6. e3 d6 7. Be2 Nbd7 8. O-O
O-O 9. Rc1 c5 10. Re1 Rc8 11. h3 h6 12. Bh4 Nh7 13. Bxe7 Qxe7 14. d5 e5 15. e4
f5 16. Qa4 a6 17. Bd3 f4 18. a3 g5 19. g4 fxg3 20. Kg2 Qf7 21. Be2 gxf2 22.
Kxf2 Kh8 23. Ke3 Qf4+ 24. Kd3 Rf7 25. Rf1 b5 26. cxb5 c4+ 27. Kc2 Nc5 28. Qxc4
Nxe4 29. Qd3 Nxc3 30. bxc3 Rfc7 31. Kb2 Qa4 32. Nd2 Qxb5+ 33. Qxb5 axb5 34.
Bxb5 Bxd5 35. Rf2 Rb8 36. a4 Rbc8 37. Bd3 Bc6 38. Ka3 Ra8 39. Bc2 Bxa4 40. Bxa4
Rca7 41. Kb3 Rxa4 42. Nc4 R4a6 43. Rd2 Rb8+ 44. Kc2 Ra2+ 45. Kd1 Rxd2+ 46. Kxd2
Nf6 47. Rf1 Kg7 48. Ne3 Kg6 49. Ng4 Nxg4 50. hxg4 Rb2+ 51. Ke3 Rc2 52. Rd1
Rxc3+ 53. Ke4 Rc4+ 54. Kf3 Rd4 55. Re1 h5 56. gxh5+ Kxh5 0-1

[Event "Gyermek csapatbajnokság"]
[Site "Budapest"]
[Date "2015.08.27"]
[Round "2.2"]
[White "Lukacs, Anna"]
[Black "Karacsonyi, Kata"]
[Result "0-1"]
[WhiteElo "1413"]
[BlackElo "1461"]
[PlyCount "37"]
[EventDate "2015.??.??"]

1. e4 c5 2. Nf3 d6 3. d4 cxd4 4. Nxd4 Nf6 5. Nc3 Nc6 6. Be3 Ng4 7. Bb5 Nxe3 8.
fxe3 Bd7 9. O-O Ne5 10. Nf3 Ng4 11. Ng5 Nxe3 12. Qf3 Qb6 13. Qxf7+ Kd8 14.
Qxf8+ Rxf8 15. Rxf8+ Kc7 16. Rxa8 Ng4+ 17. Kh1 Nf2+ 18. Kg1 Nh3+ 19. Kh1 0-1

[Event "Gyermek csapatbajnokság"]
[Site "Budapest"]
[Date "2015.08.27"]
[Round "2.7"]
[White "Tapodi, Norman Lajos"]
[Black "Nemeth, Aron"]
[Result "1/2-1/2"]
[WhiteElo "1536"]
[BlackElo "1287"]
[PlyCount "38"]
[EventDate "2015.??.??"]

1. e4 c5 2. Nf3 d6 3. d4 cxd4 4. Nxd4 Nf6 5. Nc3 a6 6. f3 e6 7. Bd3 Be7 8. Nb3
b5 9. a3 Nbd7 10. Be3 Qc7 11. Qd2 Bb7 12. O-O Ne5 13. Qe2 Rc8 14. Rac1 Nc4 15.
Bxc4 bxc4 16. Nd4 O-O 17. Rfd1 d5 18. exd5 Bxd5 19. Rb1 Rb8 1/2-1/2

[Event "Gyermek csapatbajnokság"]
[Site "Budapest"]
[Date "2015.08.27"]
[Round "2.8"]
[White "Csallo, Krisztian"]
[Black "Bodicsi, Barna"]
[Result "1-0"]
[WhiteElo "1396"]
[BlackElo "1677"]
[PlyCount "39"]
[EventDate "2015.??.??"]

1. e4 e5 2. Nf3 Nc6 3. d4 f6 4. Bc4 Nge7 5. Nc3 Ng6 6. O-O d6 7. dxe5 Ncxe5 8.
Nxe5 Nxe5 9. Bb3 Bg4 10. f3 Bh5 11. Bf4 Bf7 12. Bxf7+ Kxf7 13. Qd5+ Ke8 14.
Bxe5 c6 15. Qe6+ Be7 16. Bg3 Qb6+ 17. Kh1 Rd8 18. Qb3 Qc7 19. Bf2 a6 20. Bb6
1-0

[Event "Gyermek csapatbajnokság"]
[Site "Budapest"]
[Date "2015.08.27"]
[Round "3.1"]
[White "Kozsik, Bende Barnabas"]
[Black "Tapodi, Norman Lajos"]
[Result "1/2-1/2"]
[WhiteElo "1736"]
[BlackElo "1536"]
[PlyCount "79"]
[EventDate "2015.??.??"]

1. e4 e5 2. Nc3 Nf6 3. f4 d5 4. fxe5 Nxe4 5. Qf3 Nc6 6. Bb5 Nxc3 7. dxc3 Qh4+
8. g3 Qe4+ 9. Qxe4 dxe4 10. Bxc6+ bxc6 11. Be3 Be7 12. Ne2 c5 13. c4 Bg4 14.
Rf1 c6 15. Rf4 Bf3 16. Ng1 g5 17. Rf5 Bg4 18. Rf2 O-O 19. h3 Be6 20. b3 Rfd8
21. Bd2 Kg7 22. Ke2 Rd7 23. Ke3 Bd8 24. Bc3 Bc7 25. Ne2 Rad8 26. g4 Rd1 27.
Rxd1 Rxd1 28. Kxe4 Rh1 29. Rf3 Rh2 30. Kd3 h5 31. Ng3 hxg4 32. hxg4 Bd8 33.
Nf5+ Kg6 34. a4 Rg2 35. Rg3 Rxg3+ 36. Nxg3 Bxg4 37. Ke4 Bd1 38. Kd3 Bg4 39. Ke4
Bd1 40. Kd3 1/2-1/2

[Event "Gyermek csapatbajnokság"]
[Site "Budapest"]
[Date "2015.08.27"]
[Round "3.2"]
[White "Bodicsi, Barna"]
[Black "Schiszler, Gellert"]
[Result "1/2-1/2"]
[WhiteElo "1677"]
[BlackElo "1479"]
[PlyCount "89"]
[EventDate "2015.??.??"]

1. d4 Nf6 2. c4 g6 3. Nc3 d5 4. e3 Bg7 5. Nf3 O-O 6. Be2 dxc4 7. Bxc4 c5 8. O-O
cxd4 9. Qxd4 Qxd4 10. exd4 Bg4 11. Ne5 Nc6 12. Nxc6 bxc6 13. Be3 Rab8 14. b3
Bf5 15. d5 Nxd5 16. Bxd5 cxd5 17. Nxd5 Bxa1 18. Nxe7+ Kg7 19. Rxa1 Rb7 20. Bc5
Re8 21. Re1 Rd7 22. h3 Be6 23. Nc6 Rc7 24. Bd4+ Kg8 25. Nxa7 Ra8 26. Nb5 Rd7
27. Rc1 h6 28. Kh2 f5 29. Be3 Rxa2 30. Nd4 Bf7 31. b4 Ra8 32. b5 Rb8 33. Rb1
Bc4 34. b6 Rd6 35. Bf4 Rbxb6 36. Rxb6 Rxb6 37. Bxh6 Kh7 38. Be3 Rd6 39. Nf3 Be2
40. Ng5+ Kg7 41. Bf4 Rc6 42. Be5+ Kg8 43. Kg3 Bd1 44. f3 Bb3 45. Kf4 1/2-1/2

[Event "Gyermek csapatbajnokság"]
[Site "Budapest"]
[Date "2015.08.27"]
[Round "3.3"]
[White "Juhasz, Agoston"]
[Black "Varga, Gabor"]
[Result "0-1"]
[WhiteElo "1518"]
[BlackElo "1540"]
[PlyCount "64"]
[EventDate "2015.??.??"]

1. e4 c5 2. Nf3 Nc6 3. c3 g6 4. d4 cxd4 5. cxd4 Bg7 6. Nc3 d6 7. Bb5 Bd7 8. O-O
a6 9. Be2 Qb6 10. Nd5 Qd8 11. Be3 e6 12. Nc3 Nge7 13. Qd2 d5 14. e5 Nf5 15. Bd3
Nxe3 16. Qxe3 O-O 17. a3 Rc8 18. Na4 Nxe5 19. Nc5 Nxf3+ 20. gxf3 Bc6 21. Rac1
Qh4 22. b4 Bxd4 23. Qe2 e5 24. Nxa6 e4 25. fxe4 Be5 26. f3 bxa6 27. Bxa6 Rc7
28. b5 Bxb5 29. Bxb5 Rxc1 30. Rxc1 Qg5+ 31. Kf2 Qxc1 32. exd5 Qc5+ 0-1

[Event "Gyermek csapatbajnokság"]
[Site "Budapest"]
[Date "2015.08.27"]
[Round "3.4"]
[White "Kocsmar, Akos"]
[Black "Kovacs, Lilla"]
[Result "1/2-1/2"]
[WhiteElo "1321"]
[BlackElo "1316"]
[PlyCount "63"]
[EventDate "2015.??.??"]

1. c4 Nf6 2. Nc3 e5 3. d3 Bc5 4. Nf3 Nc6 5. g3 d6 6. Bg2 O-O 7. O-O Re8 8. Nd2
Bd7 9. Nde4 Nxe4 10. Nxe4 Bb6 11. a3 a5 12. Bd2 Qc8 13. e3 Bh3 14. Ng5 Bxg2 15.
Kxg2 h6 16. Ne4 f5 17. Nc3 Qe6 18. Nd5 Ra6 19. b4 axb4 20. axb4 Rea8 21. Rxa6
bxa6 22. Qf3 Rf8 23. Nxb6 e4 24. Qe2 exd3 25. Qxd3 cxb6 26. Bc3 Ne5 27. Bxe5
dxe5 28. Ra1 Qc6+ 29. Kg1 Ra8 30. b5 axb5 31. Rxa8+ Qxa8 32. cxb5 1/2-1/2

[Event "Gyermek csapatbajnokság"]
[Site "Budapest"]
[Date "2015.08.27"]
[Round "3.5"]
[White "Palczert, Hajnalka"]
[Black "Fulop, Csilla"]
[Result "1-0"]
[WhiteElo "1434"]
[BlackElo "1342"]
[PlyCount "83"]
[EventDate "2015.??.??"]

1. e4 c5 2. Nf3 d6 3. d4 cxd4 4. Nxd4 Nf6 5. Nc3 g6 6. Be3 Bg7 7. Bc4 O-O 8.
Bb3 Nc6 9. f3 Bd7 10. Qd2 Nxd4 11. Bxd4 a6 12. g4 b5 13. a3 Be6 14. h4 d5 15.
g5 Nh5 16. Bxg7 Nxg7 17. Bxd5 Bxd5 18. Nxd5 Ne8 19. Qh2 Ng7 20. f4 Rc8 21. c3
Rc4 22. Qe2 Qd6 23. O-O Nh5 24. Qf3 Re8 25. Rae1 e6 26. Nf6+ Nxf6 27. gxf6 Rd8
28. Re2 a5 29. h5 b4 30. hxg6 fxg6 31. axb4 axb4 32. Rh2 bxc3 33. bxc3 Qc5+ 34.
Kh1 Rxc3 35. Qg4 Qc6 36. Re1 Rc4 37. Qh4 Rd7 38. Rhe2 Rdd4 39. Qh6 Qb7 40. Rb2
Qc7 41. Rb8+ Kf7 42. Qg7# 1-0

[Event "Gyermek csapatbajnokság"]
[Site "Budapest"]
[Date "2015.08.27"]
[Round "3.7"]
[White "Nemeth, Aron"]
[Black "Kovacs, Patrik Zsolt"]
[Result "1-0"]
[WhiteElo "1287"]
[BlackElo "1543"]
[PlyCount "73"]
[EventDate "2015.??.??"]

1. e4 c5 2. Nf3 d6 3. d4 cxd4 4. Nxd4 Nf6 5. Nc3 g6 6. f3 Bg7 7. Be3 O-O 8. Qd2
Nc6 9. g4 Bd7 10. h4 h5 11. gxh5 Nxh5 12. Rg1 Kh7 13. Be2 Nxd4 14. Bxd4 Bxd4
15. Qxd4 Qa5 16. Bc4 Qc5 17. O-O-O Qxd4 18. Rxd4 Rac8 19. Bd5 b6 20. Bb7 Rc7
21. Ba6 Nf4 22. Nd5 Nxd5 23. Rxd5 Bc6 24. Rdg5 Kh6 25. Be2 Rfc8 26. Bd1 Bd7 27.
c3 Rc5 28. R5g2 b5 29. Bb3 e6 30. Rd1 R5c6 31. Rgd2 Kh5 32. f4 Kxh4 33. Rg1 Kh3
34. Rd3+ Kh2 35. Re1 Kg2 36. Re2+ Kf1 37. Rc2 1-0

[Event "Gyermek csapatbajnokság"]
[Site "Budapest"]
[Date "2015.08.27"]
[Round "3.8"]
[White "Karacsonyi, Kata"]
[Black "Csallo, Krisztian"]
[Result "1-0"]
[WhiteElo "1461"]
[BlackElo "1396"]
[PlyCount "103"]
[EventDate "2015.??.??"]

1. e4 c5 2. Nf3 d6 3. d4 cxd4 4. Nxd4 Nf6 5. Nc3 e6 6. Be3 a6 7. Qd2 b5 8. a3
Bb7 9. f3 Qc7 10. Be2 d5 11. e5 Nfd7 12. f4 Be7 13. O-O Nc6 14. Rf3 Nxd4 15.
Bxd4 Bc5 16. Rg3 O-O 17. Bxc5 Qxc5+ 18. Kh1 Rfc8 19. f5 exf5 20. Qg5 g6 21.
Qxf5 d4 22. Qxd7 Bc6 23. Qd6 Qxd6 24. exd6 dxc3 25. Rxc3 Bd7 26. Rxc8+ Rxc8 27.
Bf3 Rxc2 28. Rd1 Rxb2 29. Bd5 Re2 30. h3 Re3 31. Rf1 Be6 32. d7 Bxd7 33. Rxf7
Be6 34. Re7 Re5 35. Bxe6+ Kf8 36. Rf7+ Ke8 37. Bb3 Re3 38. Rf3 Rxf3 39. gxf3 a5
40. Kg2 Ke7 41. Kg3 Kf6 42. Kf4 h6 43. h4 b4 44. axb4 axb4 45. Bc4 g5+ 46.
hxg5+ hxg5+ 47. Kg4 Kg6 48. Bb3 Kf6 49. Bc2 Kf7 50. Kxg5 Kg7 51. f4 Kf7 52. Kf5
1-0

[Event "Gyermek csapatbajnokság"]
[Site "Budapest"]
[Date "2015.08.27"]
[Round "3.9"]
[White "Koteljarto, Aron"]
[Black "Bangha, Otto Peter"]
[Result "1/2-1/2"]
[WhiteElo "1410"]
[BlackElo "1427"]
[PlyCount "37"]
[EventDate "2015.??.??"]

1. e4 c5 2. Nf3 Nc6 3. d4 cxd4 4. Nxd4 Qb6 5. Nxc6 bxc6 6. Nc3 d6 7. Be2 Nf6 8.
O-O g6 9. Rb1 Bg7 10. Be3 c5 11. h3 O-O 12. Bc4 Bb7 13. f3 Rfd8 14. Qe2 a5 15.
a4 d5 16. exd5 Nxd5 17. Nxd5 Bxd5 18. b3 e6 19. Bb5 1/2-1/2

[Event "Gyermek csapatbajnokság"]
[Site "Budapest"]
[Date "2015.08.27"]
[Round "3.10"]
[White "Fule, Simon"]
[Black "Szoke, Kristof"]
[Result "1-0"]
[WhiteElo "1426"]
[BlackElo "1414"]
[PlyCount "109"]
[EventDate "2015.??.??"]

1. e4 e5 2. Nf3 Nc6 3. d4 exd4 4. Nxd4 Bc5 5. Nb3 Bb6 6. Nc3 Nf6 7. Be2 O-O 8.
O-O d6 9. Re1 Be6 10. Bg5 h6 11. Bh4 Ne5 12. h3 Ng6 13. Bg3 Qd7 14. Nd4 Rfe8
15. Nxe6 Qxe6 16. Bb5 Red8 17. Ba4 Ne5 18. Bb3 Qe7 19. Nd5 Nxd5 20. Qxd5 c6 21.
Qd2 Qf6 22. Rad1 Rac8 23. c3 Qg6 24. Kh2 Kh8 25. f4 Nd7 26. f5 Qf6 27. Qxd6 Qg5
28. Qf4 Qe7 29. e5 Bc7 30. Qe3 Bb6 31. Qe2 Re8 32. e6 fxe6 33. fxe6 Nf6 34. Bd6
Bc7 35. Bxc7 Qxc7+ 36. Kg1 Re7 37. Qd2 Ne8 38. Rf1 Qb6+ 39. Kh1 Nf6 40. Qd6
Rce8 41. Qd2 Ne4 42. Qf4 Ng5 43. Bc2 Nxe6 44. Qf5 g5 45. Qf6+ Rg7 46. Qxh6+ Kg8
47. Bb3 c5 48. Rde1 c4 49. Bxc4 Rge7 50. Qxg5+ Rg7 51. Qh6 Rge7 52. Bxe6+ Rxe6
53. Rxe6 Qxe6 54. Rf8+ Rxf8 55. Qxe6+ 1-0

[Event "Gyermek csapatbajnokság"]
[Site "Budapest"]
[Date "2015.08.27"]
[Round "3.11"]
[White "Bodo, Boglarka"]
[Black "Rahimkulov, Margarita"]
[Result "0-1"]
[WhiteElo "1391"]
[BlackElo "1284"]
[PlyCount "88"]
[EventDate "2015.??.??"]

1. e4 e6 2. d4 d5 3. exd5 exd5 4. Nf3 Bd6 5. Bd3 Nc6 6. O-O Bg4 7. h3 Bh5 8. c3
Nge7 9. Be3 Qd7 10. Nbd2 O-O-O 11. Rc1 f6 12. c4 dxc4 13. Bxc4 g5 14. Qb3 Na5
15. Be6 Nxb3 16. Bxd7+ Rxd7 17. axb3 Kb8 18. Ra1 a6 19. Rfc1 h6 20. g4 Bg6 21.
Nc4 Nd5 22. Nxd6 Rxd6 23. Nd2 Re8 24. Nc4 Rd7 25. Re1 Nb4 26. Rad1 Bc2 27. Rd2
Bxb3 28. Rc1 Na2 29. Rb1 Bxc4 30. b3 Nc3 31. Rc1 Ne4 32. Rb2 Bf7 33. Re2 Bxb3
34. Rb1 Nc3 35. Reb2 Nxb1 36. Rxb3 Nd2 37. Bxd2 Rxd4 38. Bc3 Rd3 39. Ra3 Rxh3
40. Kg2 Rd3 41. Kg1 a5 42. Kg2 Kc8 43. Kh2 b5 44. Rxa5 Rxc3 0-1

[Event "Gyermek csapatbajnokság"]
[Site "Budapest"]
[Date "2015.08.28"]
[Round "4.1"]
[White "Kovacs, Patrik Zsolt"]
[Black "Borhy, Marcell"]
[Result "0-1"]
[WhiteElo "1543"]
[BlackElo "1841"]
[PlyCount "108"]
[EventDate "2015.??.??"]

1. d4 d5 2. Nf3 Nf6 3. Bf4 c6 4. e3 Bg4 5. c4 e6 6. Nbd2 Nbd7 7. cxd5 exd5 8.
Be2 Be7 9. O-O O-O 10. h3 Bh5 11. Ne5 Nxe5 12. Bxe5 Bxe2 13. Qxe2 Bd6 14. Bxd6
Qxd6 15. Rac1 Rfe8 16. Qd1 Re6 17. a3 Rae8 18. Qe2 Nd7 19. Nf3 Rh6 20. Nh2 f5
21. Qf3 Qg6 22. Rfe1 Nf6 23. Nf1 Ne4 24. Kh2 Rh4 25. Ng3 Rf8 26. Nxe4 Rxe4 27.
Qg3 Qxg3+ 28. Kxg3 f4+ 29. Kh2 fxe3 30. fxe3 Rfe8 31. Rc3 Rxd4 32. exd4 Rxe1
33. Rd3 Re4 34. Kg3 Kf7 35. Kf3 Ke6 36. Re3 Rxe3+ 37. Kxe3 b6 38. b4 Kd6 39.
Kd3 c5 40. dxc5+ bxc5 41. bxc5+ Kxc5 42. Kc3 d4+ 43. Kd3 Kd5 44. g3 h6 45. a4
a5 46. g4 g5 47. Kd2 Ke4 48. Ke2 d3+ 49. Kd2 Kd4 50. Kd1 Ke3 51. Ke1 d2+ 52.
Kd1 Kd3 53. h4 gxh4 54. g5 h3 0-1

[Event "Gyermek csapatbajnokság"]
[Site "Budapest"]
[Date "2015.08.28"]
[Round "4.2"]
[White "Kiraly, Barnabas"]
[Black "Karacsonyi, Kata"]
[Result "1-0"]
[WhiteElo "1418"]
[BlackElo "1461"]
[PlyCount "91"]
[EventDate "2015.??.??"]

1. e4 c5 2. Nf3 d6 3. d4 cxd4 4. Nxd4 Nf6 5. Nc3 Nc6 6. Be3 Ng4 7. Qd2 Nxe3 8.
Qxe3 Bd7 9. g3 Qb6 10. O-O-O Rc8 11. Nf5 Qa5 12. Nd4 g6 13. Nb3 Qh5 14. Be2 Bg4
15. Bxg4 Qxg4 16. Kb1 Bg7 17. Nd5 Qe6 18. f4 O-O 19. Rhf1 f5 20. exf5 Qxe3 21.
Nxe3 gxf5 22. Rfe1 a5 23. a4 b6 24. Nd5 Rfe8 25. Nxb6 Rb8 26. Nc4 Rec8 27. Rd5
Nb4 28. Ne3 Nxd5 29. Nxd5 Re8 30. Rxe7 Rxe7 31. Nxe7+ Kf7 32. Nxf5 Rb6 33. Nxg7
Kxg7 34. Nxa5 d5 35. c3 Rh6 36. b4 Rxh2 37. b5 Rh6 38. c4 dxc4 39. Nxc4 Rf6 40.
b6 Rf7 41. Nd6 Rf8 42. b7 Rb8 43. a5 Kf6 44. a6 Ke6 45. a7 Rd8 46. b8=Q 1-0

[Event "Gyermek csapatbajnokság"]
[Site "Budapest"]
[Date "2015.08.28"]
[Round "4.3"]
[White "Bangha, Otto Peter"]
[Black "Petroczy, Zoltan"]
[Result "1/2-1/2"]
[WhiteElo "1427"]
[BlackElo "1538"]
[PlyCount "95"]
[EventDate "2015.??.??"]

1. e4 e5 2. Nf3 Nc6 3. Nc3 Nf6 4. d3 Be7 5. Be2 O-O 6. O-O d6 7. h3 Be6 8. Be3
Qd7 9. Ng5 Rad8 10. Nxe6 fxe6 11. f4 exf4 12. Rxf4 e5 13. Rf1 Qe8 14. Nb5 Rc8
15. Bg4 Nxg4 16. Qxg4 a6 17. Nc3 Rxf1+ 18. Rxf1 Rd8 19. Qe6+ Kh8 20. Nd5 Rc8
21. Qf7 Qf8 22. Qxf8+ Bxf8 23. Rf7 Kg8 24. Rxc7 Rxc7 25. Nxc7 Nb4 26. a3 Nxc2
27. Bf2 Na1 28. Ne6 Be7 29. Nc7 Nb3 30. Kf1 Kf7 31. Nd5 Bf8 32. Ke1 Ke6 33. Kd1
Kd7 34. g4 Nc5 35. Kc2 Kc6 36. Be3 b5 37. b4 Ne6 38. Kc3 h6 39. h4 g6 40. Bf2
Ng7 41. Nf6 Ne6 42. Nd5 Nc7 43. Nxc7 Kxc7 44. d4 Bg7 45. d5 Bf6 46. Kb3 Kb7 47.
a4 Be7 48. a5 1/2-1/2

[Event "Gyermek csapatbajnokság"]
[Site "Budapest"]
[Date "2015.08.28"]
[Round "4.4"]
[White "Mesits, Maxim"]
[Black "Fule, Simon"]
[Result "1-0"]
[WhiteElo "1272"]
[BlackElo "1426"]
[PlyCount "109"]
[EventDate "2015.??.??"]

1. e4 c5 2. Nf3 Nc6 3. d4 cxd4 4. Nxd4 Nf6 5. Nc3 d6 6. Be3 a6 7. Be2 e5 8. Nf3
h6 9. h3 Be7 10. O-O O-O 11. Nh2 b5 12. a3 Bb7 13. f4 Qc7 14. Nd5 Nxd5 15. exd5
Na5 16. b3 Qc3 17. Rf3 Qc7 18. Rg3 Kh8 19. f5 Rac8 20. Ra2 Bf6 21. Ng4 Bh4 22.
Rf3 e4 23. Rf1 Qe7 24. Bb6 Nxb3 25. cxb3 h5 26. f6 gxf6 27. Nxf6 Bxf6 28. Rxf6
Rce8 29. Bd4 Kh7 30. Qd2 e3 31. Qd3+ Qe4 32. Qxe4+ Rxe4 33. Bd3 Bxd5 34. Bxe4+
Bxe4 35. Bxe3 d5 36. Rxa6 f5 37. Rh6+ Kg7 38. Rb6 f4 39. Bd4+ Kh7 40. Rb7+ Kg6
41. Rf2 Kf5 42. Rxb5 Rg8 43. Rb6 Rf8 44. a4 h4 45. a5 Ra8 46. b4 Kg5 47. a6 Kf5
48. b5 Kg5 49. Rb7 Bd3 50. a7 Bxb5 51. Rb8 Rxa7 52. Bxa7 Bc4 53. Rg8+ Kh6 54.
Rxf4 Kh5 55. Bf2 1-0

[Event "Gyermek csapatbajnokság"]
[Site "Budapest"]
[Date "2015.08.28"]
[Round "4.5"]
[White "Rahimkulov, Margarita"]
[Black "Csepeli, Martin"]
[Result "1-0"]
[WhiteElo "1284"]
[BlackElo "1213"]
[PlyCount "89"]
[EventDate "2015.??.??"]

1. d4 Nf6 2. Nf3 g6 3. c4 Bg7 4. g3 d6 5. Bg2 O-O 6. O-O Na6 7. Nc3 c5 8. Bg5
Bf5 9. Nh4 Qd7 10. Bxf6 Bxf6 11. Nxf5 gxf5 12. e3 cxd4 13. exd4 Bg7 14. a3 Rab8
15. Qd3 e6 16. Rfd1 Qe7 17. Rab1 Kh8 18. d5 Nc5 19. Qc2 Rg8 20. dxe6 Qxe6 21.
Nb5 Bf8 22. Nxa7 f4 23. Nb5 Qf6 24. Nd4 Ne6 25. Nf3 Ng5 26. Qb3 fxg3 27. hxg3
Ne4 28. Qe3 Re8 29. Nd2 d5 30. cxd5 Nxf2 31. Qxf2 Qxf2+ 32. Kxf2 Bc5+ 33. Kf1
Bb6 34. Re1 Be3 35. Nc4 Rxg3 36. Nxe3 Rgxe3 37. Rxe3 Rxe3 38. Rd1 Re8 39. d6 b6
40. d7 Rd8 41. Bh3 Kg7 42. Rc1 f5 43. Bxf5 Rf8 44. Kg2 Rd8 45. Rc8 1-0